Les Maîtres de la Ligue Pokémon connus - Statistiques

Statistiques générales
  • Ce quiz a été pris 60 fois
  • Le résultat moyen est 10 sur 14
Statistiques - réponses
Maîtres de la Ligue Pokémon % Correct
Cynthia
94%
Blue
92%
Red
90%
Iris
88%
Peter
88%
Pierre Rochard
88%
Tarak
86%
Dianthéa
84%
Euphorbe
71%
Goyah
71%
Marc
65%
Alisma
47%
Kassis
20%
Irido
12%
Aucun quiz correspondant
Distribution des résultats
% des personnes avec chaque résultat
Percentile par nombre de réponses
Votre historique - résultats
Vous n’avez pas pris ce quiz